Európa v škole výsledky 51. ročníka aktivít

Bibliographic Details
Main Author: Repáš, Vladimír (Author)
Format: Article
Language:Slovak
Subjects:

MARC

LEADER 00000nab a2200000 a 4500
001 vtls000873962
003 SK-MaSNL
005 20260302160446.0
008 140302c2004 xo 0 slo
015 |a SNBRB2004/05-16073 
035 |a CLN000225514 
040 |a SNKBUCL  |b slo  |c SNKBUCL  |e AACR2 
041 0 |a slo 
044 |a xo  |c SK 
080 |a 371.383(4)  |2 1997 
100 1 |a Repáš, Vladimír  |4 aut  |9 213413 
245 1 0 |a Európa v škole  |b výsledky 51. ročníka aktivít  |c Vladimír Repáš 
610 7 |a Európa v škole  |b 51.  |d 2003/2004  |x výsledky  |2 snkbucl  |9 856636 
650 0 7 |a súťaže žiacke  |x šk. r. 2003/2004  |x výsledky  |2 snkbucl  |9 856637 
655 7 |a články z novín a časopisov  |2 snkbucl  |9 267496 
773 0 |t Učiteľské noviny  |g Roč. 54, č. 19 (2004), s. 6  |x 0139-5769 
850 |a Slovenská národná knižnica v Martine 
852 |a SNK  |b KIS3GCP 
992 |a RBX 
999 |c 1374591  |d 1376521